000 00638cam a22002531 4500
001 sa 67007268
003 DLC
005 20260227112414.0
008 940602s1965 ii b 000 0 kano
010 _asa 67007268
025 _aPL480:I-Kan-857
035 _a(OCoLC)30538417
040 _aDLC
_cCU
_dCU
_dDLC
042 _apremarc
050 0 0 _aDS481.P35
_bK8
100 1 _aKulkarni, V. B.,
_d1922-
245 1 0 _aSōlariyada saradāra.
250 _a[1st ed.]
260 _c1965.
300 _ax, [ii], 88 p.
_c19 cm.
500 _aIn Kannada.
504 _aBibliography: p.[xii]
600 1 0 _aPatel, Vallabhbhai,
_d1875-1950.
999 _c76478
_d76478